Contoh Seorang Pemimpin Sejati

Bibliographic Details
Main Author: Muhammad Firdaus
Format: Book
Published: Penang : Goal Intelligent Publishing Sdn Bhd , 2006
Series:Koleksi Cerita Sejarah Moral Islam

MARC

LEADER 00000cam a2200000 7i4500
001 0000046663
005 20150413.0
008 150404
020 |a 9789833730094 (set) 
020 |a 9833730099 
090 0 0 |a MOR   |b MAL 
100 0 |a Muhammad Firdaus 
245 1 0 |a Contoh Seorang Pemimpin Sejati   |c Muhammad Firdaus 
260 |a Penang :   |b Goal Intelligent Publishing Sdn Bhd ,   |c 2006 
490 0 |a Koleksi Cerita Sejarah Moral Islam 
999 |a 0001078859   |b Book   |c Banned Items   |e Cawangan Mersing 
999 |a 0001148360   |b Book   |c Children Collection   |e Cawangan Tangkak